000 00478nam a2200181Ia 4500
005 20250508163356.0
008 008 250505s9999 xx 000 0 eng d
037 _aTextual
040 _aFEDL
_beng
_cFEDL
041 _aeng
_2eng
084 _a510, BAD
_qFEDL
100 _aBaderia G S
_9775231
245 0 _aNTSE mathematics
260 _aDelhi, India
_bMacmillan Company Ltd.
_c1986
300 _a73p
942 _cTEXL
_h510, BAD
999 _c1382657
_d1382657